000 00852nas a2200277 4500
001 BR0806353
003 BR-BrBNA
005 20231205112126.0
007 ta
008 230509b bl.|||p| |||| 00| 00por d
040 _aBR-BrBNA
_bpor
_cBiblioteca Nacional de Agricultura
041 _a(Pt)
072 _aF01; F04
100 1 _aFerreira, E.M.
100 1 _aSantos, A.C. dos
100 1 _aAraújo, L.C. de
100 1 _aCunha, O.F.R.
245 1 _aCaracterísticas agronômicas do Panicum maximum cv. "mombaça" submetido a níveis crescentes de fósforo
650 _aPASTAGEM
650 _aPERFILHAÇÃO
650 _aPRODUTIVIDADE
650 _aMATÉRIA SECA
773 0 _tCiência Rural (Brazil)
_xISSN 0103-8478
_g(Mar-Apr 2008), v. 38(2) p. 484-491
_wBR0806353
909 _a202311
_bLúcia
_c55
_dLúcia Elande
942 _2AGRIS
_n0
_cANA
999 _c196224
_d196224